000 00680nam a2200289Ia 4500
005 20260324134052.0
008 008 260324s9999 xx 000 0 eng d
020 _a9780203165683
037 _aEBOOK
040 _aCRL
040 _beng
040 _cCRL
041 _2eng
041 _aeng
084 _qCRL
100 _aDuncan Matthews
_91195456
245 0 _aGlobalising Intellectual Property Rights
245 4 _bThe TRIPS Agreement
260 _bTaylor and Francis
260 _c2002
365 _a
365 _b230
856 _uhttp://www.taylorfrancis.com/books/9780203165683
942 _cEBOOK
999 _c1795134
_d1795134